000
00220nam a2200109Ia 4500
999
_c
8450
_d
8450
020
_a
978-0201633610
100
_a
Gamma, Helm
245
0
_a
Design Patterns
260
_a
USA
_b
Addison
_c
2004
300
_a
984
942
_c
BK